[Event "Ustron op-A"]
[Site "Ustron POL"]
[Date "2021.08.17"]
[Round "6.2"]
[White "Golubka, Petro"]
[Black "Klimkowski, Jan"]
[Result "0-1"]
[WhiteElo "2429"]
[BlackElo "2297"]
[WhiteFideId "-1"]
[BlackFideId "-1"]
[PlyCount "80"]
[GameId "2130307584730921"]
[EventDate "2021.08.13"]
[EventType "swiss"]
[EventRounds "9"]
[EventCountry "POL"]
[SourceTitle "10 Days #661"]
[Source "ChessMix"]
[SourceDate "2021.09.01"]
[SourceVersion "1"]
[SourceVersionDate "2021.09.01"]
[SourceQuality "1"]

1. d4 Nf6 2. c4 e6 3. Nf3 Bb4+ 4. Nbd2 O-O 5. a3 Be7 6. e4 d6 7. Be2 Nbd7 8. Qc2 e5 9. Nb1 exd4 10. Nxd4 Nc5 11. Nc3 Re8 12. f3 Nh5 13. Be3 Bg5 14. Bf2 Nf4 15. O-O Bh4 16. Bxh4 Qxh4 17. g3 Nxe2+ 18. Ncxe2 Qf6 19. Rad1 Ne6 20. Nb5 Bd7 21. Nbc3 Qh6 22. h4 a5 23. b3 Bc6 24. Kg2 b6 25. Rfe1 Qh5 26. Nd5 Ra7 27. Nec3 Kh8 28. Nb5 Rb7 29. Qc3 f6 30. b4 axb4 31. axb4 Bxb5 32. cxb5 Ra7 33. Ra1 Rea8 34. Nxb6 Ra2+ 35. Rxa2 Rxa2+ 36. Kh1 Nd4 37. Re3 Ne2 38. Rxe2 Rxe2 39. Nd5 Rf2 40. Nxf6 Qxb5 0-1

[Event "Ustron op-A"]
[Site "Ustron POL"]
[Date "2021.08.18"]
[Round "7.4"]
[White "Kokoszczynski, Jan"]
[Black "Golubka, Petro"]
[Result "0-1"]
[WhiteElo "2253"]
[BlackElo "2429"]
[WhiteFideId "-1"]
[BlackFideId "-1"]
[PlyCount "71"]
[GameId "2130307584730941"]
[EventDate "2021.08.13"]
[EventType "swiss"]
[EventRounds "9"]
[EventCountry "POL"]
[SourceTitle "10 Days #661"]
[Source "ChessMix"]
[SourceDate "2021.09.01"]
[SourceVersion "1"]
[SourceVersionDate "2021.09.01"]
[SourceQuality "1"]

1. c4 b6 2. Nf3 Bb7 3. e3 e6 4. Nc3 g5 5. h3 Bg7 6. Qc2 h5 7. d4 f5 8. e4 g4 9. Bg5 Bf6 10. Bxf6 Qxf6 11. e5 Qg7 12. Nd2 Nc6 13. Nb3 a5 14. O-O-O a4 15. Na1 a3 16. b3 O-O-O 17. Nb5 Nge7 18. Qd2 f4 19. Nc2 f3 20. g3 h4 21. Rg1 gxh3 22. Bxh3 Rdg8 23. Ncxa3 Qf8 24. d5 hxg3 25. dxc6 Bxc6 26. Bf1 Rh2 27. Bd3 Rxf2 28. Qe3 Rxa2 29. Kb1 Rh2 30. Nd4 Nf5 31. Bxf5 exf5 32. Nac2 Be4 33. e6 dxe6 34. Qf4 Qd6 35. Qxd6 cxd6 36. Kc1 0-1

[Event "Ustron op-A"]
[Site "Ustron POL"]
[Date "2021.08.19"]
[Round "8.2"]
[White "Czerw, Dawid"]
[Black "Golubka, Petro"]
[Result "1/2-1/2"]
[WhiteElo "2264"]
[BlackElo "2429"]
[WhiteFideId "-1"]
[BlackFideId "-1"]
[PlyCount "50"]
[GameId "2130307584735054"]
[EventDate "2021.08.13"]
[EventType "swiss"]
[EventRounds "9"]
[EventCountry "POL"]
[SourceTitle "10 Days #661"]
[Source "ChessMix"]
[SourceDate "2021.09.01"]
[SourceVersion "1"]
[SourceVersionDate "2021.09.01"]
[SourceQuality "1"]

1. d4 Nf6 2. c4 g6 3. Nc3 Bg7 4. e4 d6 5. Nf3 O-O 6. h3 c5 7. d5 e6 8. Bd3 Nbd7 9. dxe6 fxe6 10. e5 Nxe5 11. Nxe5 dxe5 12. O-O Bd7 13. Ne4 Qc7 14. Nxf6+ Bxf6 15. Qg4 Bc6 16. Be3 Rad8 17. Rad1 Qe7 18. b3 Rd7 19. Bc2 Rfd8 20. Rxd7 Rxd7 21. Re1 Kg7 22. g3 Qf7 23. h4 Be7 24. f4 e4 25. Bf2 Qf5 1/2-1/2

[Event "Budlex inv."]
[Site "Torun POL"]
[Date "2021.07.31"]
[Round "1.1"]
[White "Grabarczyk, Miroslaw"]
[Black "Golubka, Petro"]
[Result "1/2-1/2"]
[WhiteElo "2371"]
[BlackElo "2429"]
[WhiteFideId "-1"]
[BlackFideId "-1"]
[PlyCount "30"]
[GameId "2129404733328826"]
[EventDate "2021.07.31"]
[EventType "tourn"]
[EventRounds "9"]
[EventCountry "POL"]
[SourceTitle "10 Days #659"]
[Source "ChessMix"]
[SourceDate "2021.08.10"]
[SourceVersion "1"]
[SourceVersionDate "2021.08.10"]
[SourceQuality "1"]

{[%evp 0,30,19,31,14,1,-3,6,6,6,44,5,2,2,14,9,4,4,10,7,8,-2,19,19,19,29,37,38,38,38,44,42,50]} 1. d4 Nf6 2. c4 e6 3. Nf3 d5 4. Nc3 c6 5. cxd5 exd5 6. Bg5 Be6 7. e3 Nbd7 8. Bd3 Bd6 9. Bh4 h6 10. Bg3 Qb8 11. Bxd6 Qxd6 12. h3 a5 13. a3 O-O 14. O-O Rfe8 15. Qc2 Nh5 1/2-1/2

[Event "Budlex inv."]
[Site "Torun POL"]
[Date "2021.08.01"]
[Round "2.1"]
[White "Golubka, Petro"]
[Black "Darowicki, Mariusz"]
[Result "1-0"]
[WhiteElo "2429"]
[BlackElo "1913"]
[WhiteFideId "-1"]
[BlackFideId "-1"]
[PlyCount "74"]
[GameId "2130307585224283"]
[EventDate "2021.07.31"]
[EventType "tourn"]
[EventRounds "9"]
[EventCountry "POL"]
[SourceTitle "10 Days #659"]
[Source "ChessMix"]
[SourceDate "2021.08.10"]
[SourceVersion "1"]
[SourceVersionDate "2021.08.10"]
[SourceQuality "1"]

1. d4 d5 2. Nc3 Nf6 3. Bg5 c6 4. f3 Bf5 5. Qd2 Nbd7 6. O-O-O Qa5 7. Kb1 h6 8. Bh4 e5 9. e4 dxe4 10. dxe5 Qxe5 11. fxe4 Bg4 12. Be2 Bxe2 13. Qxe2 Bb4 14. Nf3 Qe7 15. Qc4 Bxc3 16. Qxc3 g5 17. Bg3 Qc5 18. Qd3 O-O-O 19. Bd6 Qb6 20. Nd4 Nc5 21. Bxc5 Qxc5 22. Rhf1 Ng4 23. c3 Ne5 24. Qh3+ Kb8 25. Qg3 Ka8 26. b3 Rhe8 27. Nf5 Qb5 28. Nd4 Qa6 29. c4 Qb6 30. Qc3 a6 31. c5 Qc7 32. Nf5 Rxd1+ 33. Rxd1 Ng4 34. Nd6 Re7 35. Qh8+ Qb8 36. Nc8 Rxe4 37. Nb6+ Ka7 1-0

[Event "Budlex inv."]
[Site "Torun POL"]
[Date "2021.08.02"]
[Round "3.1"]
[White "Szmidt, Przemyslaw"]
[Black "Golubka, Petro"]
[Result "0-1"]
[WhiteElo "1852"]
[BlackElo "2429"]
[WhiteFideId "-1"]
[BlackFideId "-1"]
[PlyCount "56"]
[GameId "2130307585224288"]
[EventDate "2021.07.31"]
[EventType "tourn"]
[EventRounds "9"]
[EventCountry "POL"]
[SourceTitle "10 Days #659"]
[Source "ChessMix"]
[SourceDate "2021.08.10"]
[SourceVersion "1"]
[SourceVersionDate "2021.08.10"]
[SourceQuality "1"]

1. e4 d5 2. exd5 Qxd5 3. Nc3 Qd8 4. d4 c6 5. Nf3 Bg4 6. Bc4 e6 7. h3 Bxf3 8. Qxf3 Qxd4 9. Bb3 Qe5+ 10. Be3 Bc5 11. O-O-O Bxe3+ 12. fxe3 Nf6 13. Rd4 Nbd7 14. g4 Nc5 15. Rg1 h6 16. h4 g5 17. Rf1 Ke7 18. Ne4 Ncxe4 19. Rxe4 Nxe4 20. Qxf7+ Kd6 21. Qxb7 Rhb8 22. Rd1+ Kc5 23. Qe7+ Nd6 24. Rd5+ cxd5 25. Qc7+ Kb5 26. Ba4+ Ka6 27. Qc6+ Rb6 28. Qxa8 Qxe3+ 0-1

[Event "Budlex inv."]
[Site "Torun POL"]
[Date "2021.08.03"]
[Round "4.1"]
[White "Golubka, Petro"]
[Black "Zielinski, Olgierd"]
[Result "1-0"]
[WhiteElo "2429"]
[BlackElo "1802"]
[WhiteFideId "-1"]
[BlackFideId "-1"]
[PlyCount "73"]
[GameId "2130307585228389"]
[EventDate "2021.07.31"]
[EventType "tourn"]
[EventRounds "9"]
[EventCountry "POL"]
[SourceTitle "10 Days #659"]
[Source "ChessMix"]
[SourceDate "2021.08.10"]
[SourceVersion "1"]
[SourceVersionDate "2021.08.10"]
[SourceQuality "1"]

1. d4 d5 2. Nc3 Bf5 3. f3 Nf6 4. Bg5 Nbd7 5. Qd2 c6 6. O-O-O Qa5 7. e4 dxe4 8. fxe4 Bg4 9. Nf3 O-O-O 10. Be2 Bxf3 11. gxf3 e5 12. dxe5 Nxe5 13. Qxd8+ Qxd8 14. Rxd8+ Kxd8 15. Be3 b6 16. f4 Neg4 17. Bd4 c5 18. Bg1 Nh6 19. h3 Be7 20. Bh2 Kc8 21. Ba6+ Kb8 22. f5+ Ka8 23. Rg1 Rd8 24. Rxg7 Bf8 25. Rg1 Ne8 26. Bf4 f6 27. Nd5 Nf7 28. Rg8 Bd6 29. Bxd6 Nexd6 30. Rxd8+ Nxd8 31. Nxf6 h6 32. b3 N8f7 33. Be2 Kb8 34. h4 Kc7 35. Kd2 Ne5 36. Ke3 Nc6 37. c3 1-0

[Event "Budlex inv."]
[Site "Torun POL"]
[Date "2021.08.04"]
[Round "5.1"]
[White "Augustowski, Janusz"]
[Black "Golubka, Petro"]
[Result "0-1"]
[WhiteElo "1726"]
[BlackElo "2429"]
[WhiteFideId "-1"]
[BlackFideId "-1"]
[PlyCount "66"]
[GameId "2130307585228394"]
[EventDate "2021.07.31"]
[EventType "tourn"]
[EventRounds "9"]
[EventCountry "POL"]
[SourceTitle "10 Days #659"]
[Source "ChessMix"]
[SourceDate "2021.08.10"]
[SourceVersion "1"]
[SourceVersionDate "2021.08.10"]
[SourceQuality "1"]

1. d4 f5 2. c4 e6 3. Nf3 Nf6 4. Nc3 Bb4 5. Bd2 O-O 6. Qb3 c5 7. d5 d6 8. a3 Ba5 9. O-O-O Bxc3 10. Bxc3 Ne4 11. Be1 exd5 12. e3 dxc4 13. Bxc4+ Kh8 14. Bd5 Nd7 15. Nd2 Nef6 16. Nc4 Qe7 17. Bf3 Ne8 18. h4 Ndf6 19. Qd3 Ne4 20. Bxe4 fxe4 21. Qe2 b6 22. f4 exf3 23. gxf3 Ba6 24. b3 Qf6 25. Kc2 d5 26. Rxd5 Qa1 27. Rh2 Bxc4 28. bxc4 Qa2+ 29. Kd3 Qb1+ 30. Kc3 b5 31. cxb5 Nc7 32. Rxc5 Qc1+ 33. Kb4 a5+ 0-1

[Event "Budlex inv."]
[Site "Torun POL"]
[Date "2021.08.05"]
[Round "6.1"]
[White "Golubka, Petro"]
[Black "Kutowski, Marcel"]
[Result "1-0"]
[WhiteElo "2429"]
[BlackElo "1712"]
[WhiteFideId "-1"]
[BlackFideId "-1"]
[PlyCount "59"]
[GameId "2130307585228399"]
[EventDate "2021.07.31"]
[EventType "tourn"]
[EventRounds "9"]
[EventCountry "POL"]
[SourceTitle "10 Days #659"]
[Source "ChessMix"]
[SourceDate "2021.08.10"]
[SourceVersion "1"]
[SourceVersionDate "2021.08.10"]
[SourceQuality "1"]

1. d4 Nf6 2. Nc3 d5 3. Bg5 Nbd7 4. Qd2 e6 5. f3 c5 6. e3 a6 7. a4 Bd6 8. Nge2 Qc7 9. Bf4 O-O 10. Bxd6 Qxd6 11. g4 cxd4 12. exd4 b5 13. axb5 Bb7 14. bxa6 Bxa6 15. Ng3 Bxf1 16. Rxa8 Rxa8 17. Rxf1 e5 18. g5 exd4 19. Qxd4 Ra1+ 20. Kf2 Rxf1+ 21. Kxf1 Ne8 22. Nxd5 Ne5 23. Kg2 Ng6 24. c4 Qe6 25. h4 Nd6 26. h5 Ne5 27. b3 Nd7 28. h6 gxh6 29. gxh6 Ne5 30. f4 1-0

[Event "Budlex inv."]
[Site "Torun POL"]
[Date "2021.08.06"]
[Round "7.1"]
[White "Lewandowski, Marek"]
[Black "Golubka, Petro"]
[Result "0-1"]
[WhiteElo "1752"]
[BlackElo "2429"]
[WhiteFideId "-1"]
[BlackFideId "-1"]
[PlyCount "64"]
[GameId "2130307585228404"]
[EventDate "2021.07.31"]
[EventType "tourn"]
[EventRounds "9"]
[EventCountry "POL"]
[SourceTitle "10 Days #659"]
[Source "ChessMix"]
[SourceDate "2021.08.10"]
[SourceVersion "1"]
[SourceVersionDate "2021.08.10"]
[SourceQuality "1"]

1. e4 g6 2. d4 Bg7 3. Be2 b6 4. Be3 Bb7 5. Nd2 d6 6. c3 Nd7 7. h4 h6 8. Qc2 Ngf6 9. g4 e5 10. d5 c6 11. dxc6 Bxc6 12. g5 hxg5 13. Bxg5 Qc7 14. O-O-O Nc5 15. f3 O-O-O 16. c4 Ne6 17. Nh3 Rd7 18. Nb1 Nd4 19. Qd3 d5 20. Nc3 dxc4 21. Qe3 b5 22. Kb1 b4 23. Bxf6 Bxf6 24. Nd5 Bxd5 25. exd5 c3 26. Rc1 c2+ 27. Ka1 Rxh4 28. Nf2 Rxh1 29. Nxh1 Bg5 30. Ba6+ Kb8 31. d6 Rxd6 32. Qxe5 Nb3+ 0-1

[Event "Budlex inv."]
[Site "Torun POL"]
[Date "2021.08.07"]
[Round "8.1"]
[White "Golubka, Petro"]
[Black "Blajet, Radoslaw"]
[Result "1-0"]
[WhiteElo "2429"]
[BlackElo "1792"]
[WhiteFideId "-1"]
[BlackFideId "-1"]
[PlyCount "96"]
[GameId "2130307585228409"]
[EventDate "2021.07.31"]
[EventType "tourn"]
[EventRounds "9"]
[EventCountry "POL"]
[SourceTitle "10 Days #659"]
[Source "ChessMix"]
[SourceDate "2021.08.10"]
[SourceVersion "1"]
[SourceVersionDate "2021.08.10"]
[SourceQuality "1"]

1. d4 Nf6 2. Nc3 d5 3. Bg5 h6 4. Bh4 Bf5 5. e3 Nbd7 6. Qd2 e6 7. a3 Be7 8. Nge2 a6 9. f3 Bh7 10. Bf2 c5 11. g4 b5 12. h4 Nb6 13. Nf4 Nfd7 14. Nh5 cxd4 15. Qxd4 Bf6 16. Nxf6+ gxf6 17. O-O-O Rc8 18. e4 Qc7 19. Bd3 Nc4 20. Bxc4 Qxc4 21. Qxc4 Rxc4 22. exd5 e5 23. Kd2 Ke7 24. h5 Rhc8 25. Be3 a5 26. d6+ Kd8 27. Rc1 b4 28. axb4 axb4 29. Ne4 Bxe4 30. fxe4 Rxe4 31. Rhg1 Rc6 32. Rce1 Rxd6+ 33. Kc1 Rc4 34. b3 Rc8 35. Bxh6 Rd3 36. Kb1 Rh3 37. Bd2 Nc5 38. Rgf1 Rg3 39. Rxf6 Rxg4 40. Rxf7 Nd7 41. Rh7 Kc7 42. Rxe5 Rh8 43. Rc5+ Kd6 44. Rxh8 Nxc5 45. h6 Rh4 46. Bxb4 Rxb4 47. h7 Nxb3 48. cxb3 Kd5 1-0

[Event "Budlex inv."]
[Site "Torun POL"]
[Date "2021.08.08"]
[Round "9.1"]
[White "Czarkowski, Tomasz"]
[Black "Golubka, Petro"]
[Result "0-1"]
[WhiteElo "1891"]
[BlackElo "2429"]
[WhiteFideId "-1"]
[BlackFideId "-1"]
[PlyCount "102"]
[GameId "2130307585228414"]
[EventDate "2021.07.31"]
[EventType "tourn"]
[EventRounds "9"]
[EventCountry "POL"]
[SourceTitle "10 Days #659"]
[Source "ChessMix"]
[SourceDate "2021.08.10"]
[SourceVersion "1"]
[SourceVersionDate "2021.08.10"]
[SourceQuality "1"]

1. d4 Nf6 2. Bf4 d6 3. Nf3 Bg4 4. h3 Bxf3 5. exf3 e6 6. c3 a6 7. Qb3 Qc8 8. Nd2 d5 9. Bd3 c5 10. dxc5 Bxc5 11. O-O Nc6 12. Rfe1 O-O 13. Qc2 g6 14. Nb3 Ba7 15. Qd2 Re8 16. Bg5 Nd7 17. Qf4 Bb8 18. Qh4 Bc7 19. Re2 Bd8 20. Bxd8 Qxd8 21. Qxd8 Rexd8 22. f4 Kf8 23. Rd1 Rac8 24. h4 b5 25. a3 Ne7 26. h5 Nc5 27. Nxc5 Rxc5 28. g3 Rcc8 29. hxg6 hxg6 30. Kg2 d4 31. Be4 dxc3 32. Rxd8+ Rxd8 33. bxc3 Nd5 34. Rc2 Rc8 35. Kf3 Rxc3+ 36. Rxc3 Nxc3 37. Bb7 a5 38. Ba6 Ke7 39. Ke3 Kd6 40. Kd4 b4 41. axb4 axb4 42. Kc4 Ne4 43. Kxb4 Nxf2 44. Bb7 e5 45. Kc4 f5 46. fxe5+ Kxe5 47. Bf3 Ne4 48. Kd3 Nxg3 49. Ke3 g5 50. Bb7 g4 51. Bc8 Ne4 0-1

[Event "Baltic Pearl IM"]
[Site "Lazy POL"]
[Date "2021.06.27"]
[Round "1.5"]
[White "Golubka, Petro"]
[Black "Grzesik, Gracjan"]
[Result "1-0"]
[WhiteElo "2441"]
[BlackElo "2063"]
[WhiteFideId "-1"]
[BlackFideId "-1"]
[PlyCount "89"]
[GameId "2130307586195145"]
[EventDate "2021.06.27"]
[EventType "tourn"]
[EventRounds "9"]
[EventCountry "POL"]
[EventCategory "2"]
[SourceTitle "The Week in Chess 1390"]
[Source "Mark Crowther"]
[SourceDate "2021.06.28"]
[SourceVersion "1"]
[SourceVersionDate "2021.06.28"]
[SourceQuality "2"]

1. e4 c5 2. Be2 Nc6 3. f4 g6 4. Nf3 Bg7 5. O-O e6 6. d3 Nge7 7. c3 d5 8. Be3 b6 9. Bf2 O-O 10. Nbd2 Ba6 11. Qa4 Qc8 12. Rac1 dxe4 13. Nxe4 Rd8 14. b4 Bxd3 15. Bxd3 Rxd3 16. b5 Na5 17. Ne5 Rd5 18. c4 Rd8 19. Nxc5 bxc5 20. Qxa5 f6 21. Nf3 Nf5 22. Rfd1 Rxd1+ 23. Rxd1 e5 24. Qe1 Qb7 25. fxe5 fxe5 26. Ng5 Nd4 27. Qe4 Rb8 28. Qxb7 Rxb7 29. Ne4 Rc7 30. a4 Kf7 31. a5 Bf8 32. g4 Be7 33. Kg2 Ke6 34. a6 Rc8 35. Rb1 Bd8 36. Be3 Kd7 37. Rf1 Be7 38. Rf7 Ke6 39. Rxh7 Rd8 40. Rg7 Nb3 41. Rxe7+ Kxe7 42. Bg5+ Kd7 43. Bxd8 Kxd8 44. b6 Kc8 45. bxa7 1-0

[Event "Lazy Baltic Pearl IM 17th"]
[Site "Lazy"]
[Date "2021.06.28"]
[Round "2"]
[White "Kopylov, Michael"]
[Black "Golubka, Petro"]
[Result "1/2-1/2"]
[WhiteElo "2388"]
[BlackElo "2441"]
[WhiteFideId "-1"]
[BlackFideId "-1"]
[PlyCount "60"]
[GameId "1664377425350656"]
[EventDate "2021.06.27"]
[EventType "tourn"]
[EventRounds "9"]
[EventCountry "POL"]
[EventCategory "2"]
[SourceTitle "CBM 203 Extra"]
[Source "ChessBase"]
[SourceDate "2021.09.30"]
[SourceVersion "1"]
[SourceVersionDate "2021.09.30"]
[SourceQuality "1"]

1. d4 c6 2. c4 b5 3. cxb5 cxb5 4. e3 a6 5. a4 b4 6. a5 Nc6 7. Qa4 e5 8. Nf3 Nf6 9. Nbd2 exd4 10. exd4 b3 11. Be2 Rb8 12. Nxb3 Bb4+ 13. Bd2 Bxd2+ 14. Nbxd2 O-O 15. O-O Rxb2 16. Rfb1 Rxb1+ 17. Rxb1 Re8 18. Bf1 Qxa5 19. Qxa5 Nxa5 20. Ra1 Nc6 21. Bxa6 Bxa6 22. Rxa6 h6 23. h3 Rb8 24. Nc4 Nd5 25. Nce5 Ndb4 26. Nxc6 dxc6 27. Ra7 Rd8 28. Rc7 Nc2 29. Rxc6 Nxd4 30. Nxd4 Rxd4 1/2-1/2

[Event "Lazy Baltic Pearl IM 17th"]
[Site "Lazy"]
[Date "2021.06.29"]
[Round "3"]
[White "Golubka, Petro"]
[Black "Budrewicz, Krzysztof"]
[Result "1-0"]
[WhiteElo "2441"]
[BlackElo "2279"]
[WhiteFideId "-1"]
[BlackFideId "-1"]
[PlyCount "81"]
[GameId "1666895067471872"]
[EventDate "2021.06.27"]
[EventType "tourn"]
[EventRounds "9"]
[EventCountry "POL"]
[EventCategory "2"]
[SourceTitle "CBM 203 Extra"]
[Source "ChessBase"]
[SourceDate "2021.09.30"]
[SourceVersion "1"]
[SourceVersionDate "2021.09.30"]
[SourceQuality "1"]

1. e4 c5 2. Nf3 e6 3. d4 cxd4 4. Nxd4 Nf6 5. Bd3 Nc6 6. Nb3 d5 7. exd5 exd5 8. O-O Be7 9. Bf4 O-O 10. h3 Be6 11. N1d2 Rc8 12. a3 Qb6 13. Nf3 Ne4 14. Be3 Qc7 15. Nbd4 Nc5 16. Nxe6 Nxe6 17. Re1 Bf6 18. Rb1 Rcd8 19. b4 d4 20. Bd2 Ne7 21. Rxe6 fxe6 22. Qe2 Nd5 23. Qxe6+ Qf7 24. Qe4 g6 25. Bc4 Rfe8 26. Qd3 Kh8 27. Ng5 Qe7 28. h4 Qg7 29. g3 h6 30. Qf3 Re5 31. Bf4 hxg5 32. Bxe5 Bxe5 33. Bxd5 gxh4 34. Re1 Qf6 35. Qh1 Kg7 36. f4 Bd6 37. Re6 Qf5 38. Qxh4 Rd7 39. Rxd6 Rxd6 40. Qe7+ Kh6 41. Qxd6 1-0

[Event "Lazy Baltic Pearl IM 17th"]
[Site "Lazy"]
[Date "2021.06.30"]
[Round "4"]
[White "Fiedorek, Michal"]
[Black "Golubka, Petro"]
[Result "0-1"]
[WhiteElo "2234"]
[BlackElo "2441"]
[WhiteFideId "-1"]
[BlackFideId "-1"]
[PlyCount "88"]
[GameId "1666895067488256"]
[EventDate "2021.06.27"]
[EventType "tourn"]
[EventRounds "9"]
[EventCountry "POL"]
[EventCategory "2"]
[SourceTitle "CBM 203 Extra"]
[Source "ChessBase"]
[SourceDate "2021.09.30"]
[SourceVersion "1"]
[SourceVersionDate "2021.09.30"]
[SourceQuality "1"]

1. e4 e5 2. Nf3 Nc6 3. Bb5 a6 4. Ba4 Nf6 5. O-O Be7 6. Re1 b5 7. Bb3 O-O 8. a4 b4 9. a5 d6 10. d3 Bd7 11. c3 Rb8 12. Nbd2 Rb5 13. Ba4 Rb7 14. Qc2 Qb8 15. Bb3 Rb5 16. Ba4 Rxa5 17. Nc4 b3 18. Qd1 Rc5 19. Be3 Rxc4 20. dxc4 Nxe4 21. Qxb3 Qc8 22. c5 Nf6 23. cxd6 cxd6 24. Qa2 a5 25. Bb3 h6 26. Nd2 Qc7 27. Bc4 Bf5 28. Qb3 Bg6 29. Bb6 Qd7 30. Bxa5 Rb8 31. Bb5 Nxa5 32. Rxa5 Qd8 33. Qa2 d5 34. Ra1 Kh7 35. Ra8 Bc5 36. b4 Bxf2+ 37. Kh1 e4 38. Nb3 Ng4 39. Be2 Nxh2 40. Rxb8 Qxb8 41. Qa8 Qg3 42. Qc8 Be3 43. Ra8 Qe1+ 44. Kxh2 Bf4+ 0-1

[Event "Lazy Baltic Pearl IM 17th"]
[Site "Lazy"]
[Date "2021.07.01"]
[Round "5"]
[White "Golubka, Petro"]
[Black "Nowak, Lukasz1"]
[Result "1/2-1/2"]
[WhiteElo "2441"]
[BlackElo "2303"]
[WhiteFideId "-1"]
[BlackFideId "-1"]
[PlyCount "59"]
[GameId "1666895067508736"]
[EventDate "2021.06.27"]
[EventType "tourn"]
[EventRounds "9"]
[EventCountry "POL"]
[EventCategory "2"]
[SourceTitle "CBM 203 Extra"]
[Source "ChessBase"]
[SourceDate "2021.09.30"]
[SourceVersion "1"]
[SourceVersionDate "2021.09.30"]
[SourceQuality "1"]

1. e4 c5 2. Ne2 Nf6 3. Nbc3 d6 4. d4 cxd4 5. Nxd4 a6 6. Nb3 e6 7. a4 b6 8. Be3 Nbd7 9. g4 Bb7 10. f3 h6 11. Bf4 e5 12. Be3 Rc8 13. Qd2 Rxc3 14. Qxc3 d5 15. O-O-O dxe4 16. f4 Be7 17. Bxa6 Bxa6 18. fxe5 Nh7 19. e6 fxe6 20. Qxg7 Bf6 21. Qg6+ Ke7 22. Qxh6 Qc7 23. Qg6 Bd3 24. Rxd3 exd3 25. Qxd3 Ne5 26. Qe4 Nc4 27. Bc5+ bxc5 28. Qxc4 Ng5 29. Re1 Rxh2 30. Nxc5 1/2-1/2

[Event "Lazy Baltic Pearl IM 17th"]
[Site "Lazy"]
[Date "2021.07.02"]
[Round "6"]
[White "Antolak, Julia"]
[Black "Golubka, Petro"]
[Result "1/2-1/2"]
[WhiteElo "2309"]
[BlackElo "2441"]
[WhiteFideId "-1"]
[BlackFideId "-1"]
[PlyCount "63"]
[GameId "1666895067533312"]
[EventDate "2021.06.27"]
[EventType "tourn"]
[EventRounds "9"]
[EventCountry "POL"]
[EventCategory "2"]
[SourceTitle "CBM 203 Extra"]
[Source "ChessBase"]
[SourceDate "2021.09.30"]
[SourceVersion "1"]
[SourceVersionDate "2021.09.30"]
[SourceQuality "1"]

1. e4 Nf6 2. e5 Nd5 3. d4 d6 4. exd6 exd6 5. c4 Nb6 6. Bd3 Be7 7. Ne2 O-O 8. O-O Bg4 9. Qc2 Bxe2 10. Bxe2 Nc6 11. Be3 Bf6 12. Rd1 Bg5 13. Bxg5 Qxg5 14. Nc3 Rae8 15. b3 d5 16. cxd5 Nb4 17. Qd2 Qxd2 18. Rxd2 N4xd5 19. Nxd5 Nxd5 20. Bf3 Rd8 21. Re1 f6 22. Bxd5+ Rxd5 23. Re7 Rf7 24. Re8+ Rf8 25. Re7 Rc8 26. Rc2 Rxd4 27. g3 a5 28. Rcxc7 Rxc7 29. Rxc7 b5 30. Ra7 a4 31. bxa4 bxa4 32. Kg2 1/2-1/2

[Event "Lazy Baltic Pearl IM 17th"]
[Site "Lazy"]
[Date "2021.07.03"]
[Round "7"]
[White "Golubka, Petro"]
[Black "Aliavdin, Nikolai"]
[Result "1/2-1/2"]
[WhiteElo "2441"]
[BlackElo "2324"]
[WhiteFideId "-1"]
[BlackFideId "-1"]
[PlyCount "139"]
[GameId "1666895067545600"]
[EventDate "2021.06.27"]
[EventType "tourn"]
[EventRounds "9"]
[EventCountry "POL"]
[EventCategory "2"]
[SourceTitle "CBM 203 Extra"]
[Source "ChessBase"]
[SourceDate "2021.09.30"]
[SourceVersion "1"]
[SourceVersionDate "2021.09.30"]
[SourceQuality "1"]

1. d4 d5 2. Nc3 e6 3. e4 Bb4 4. a3 Bxc3+ 5. bxc3 dxe4 6. Qg4 Nf6 7. Qxg7 Rg8 8. Qh6 c5 9. Ne2 Nbd7 10. h3 Qa5 11. Bb2 b6 12. O-O-O Ba6 13. g4 cxd4 14. Nxd4 Bxf1 15. Rhxf1 Qg5+ 16. Qxg5 Rxg5 17. c4 a6 18. f3 Rc5 19. fxe4 Rxc4 20. Nxe6 fxe6 21. Bxf6 Rac8 22. Rd2 Nc5 23. Rf3 Nxe4 24. Re2 R8c5 25. Bg7 h5 26. Rfe3 Kf7 27. Rxe4 Rxe4 28. Rxe4 Kxg7 29. Rxe6 Rc3 30. Kb2 Rxh3 31. gxh5 Rxh5 32. Rxb6 Kf7 33. Rxa6 Ke7 34. Rc6 Kd7 35. Rc4 Rb5+ 36. Ka2 Rb8 37. a4 Ra8 38. Ka3 Kd6 39. Kb4 Rb8+ 40. Kc3 Ra8 41. Kb3 Kd5 42. c3 Rb8+ 43. Rb4 Ra8 44. Rb5+ Kc6 45. Kb4 Rh8 46. Rc5+ Kb7 47. Rg5 Rh1 48. Rg7+ Ka6 49. Rg6+ Kb7 50. c4 Rb1+ 51. Kc5 Ra1 52. Rg7+ Ka6 53. Kc6 Rxa4 54. c5 Rh4 55. Kc7 Ka7 56. c6 Rh8 57. Rd7 Ka6 58. Re7 Ka7 59. Re3 Rh7+ 60. Kd6 Rh6+ 61. Kd7 Rh7+ 62. Re7 Rh8 63. Kd6+ Kb6 64. Rb7+ Ka6 65. Rf7 Kb6 66. c7 Kb7 67. Kd7 Rc8 68. Re7 Rxc7+ 69. Kd6 Rxe7 70. Kxe7 1/2-1/2

[Event "Lazy Baltic Pearl IM 17th"]
[Site "Lazy"]
[Date "2021.07.05"]
[Round "8"]
[White "Kopylov, Daniel"]
[Black "Golubka, Petro"]
[Result "0-1"]
[WhiteElo "2344"]
[BlackElo "2441"]
[WhiteFideId "-1"]
[BlackFideId "-1"]
[PlyCount "116"]
[GameId "1669474865729536"]
[EventDate "2021.06.27"]
[EventType "tourn"]
[EventRounds "9"]
[EventCountry "POL"]
[EventCategory "2"]
[SourceTitle "CBM 203 Extra"]
[Source "ChessBase"]
[SourceDate "2021.09.30"]
[SourceVersion "1"]
[SourceVersionDate "2021.09.30"]
[SourceQuality "1"]

1. e4 c6 2. d4 d5 3. Nc3 dxe4 4. Nxe4 Nf6 5. Nxf6+ exf6 6. c3 Bd6 7. Bd3 O-O 8. Ne2 Re8 9. Qc2 h5 10. O-O h4 11. h3 Nd7 12. Bf4 Nf8 13. Bxd6 Qxd6 14. Qd2 Be6 15. Qf4 Qxf4 16. Nxf4 Rad8 17. Rae1 a6 18. Nxe6 Nxe6 19. Be4 g6 20. Re3 Kf8 21. Rfe1 Nf4 22. Kf1 Re6 23. Rf3 Nh5 24. Bc2 f5 25. Bb3 Rxe1+ 26. Kxe1 Re8+ 27. Kd2 f4 28. Bd1 f5 29. c4 Rd8 30. Kc3 Ke7 31. Bc2 b5 32. b3 Ke6 33. Rd3 Nf6 34. Kb4 Kd6 35. Ka5 Re8 36. Rd2 Kc7 37. d5 cxd5 38. cxb5 axb5 39. Kxb5 Kd6 40. f3 Rb8+ 41. Ka4 Ra8+ 42. Kb4 Rxa2 43. Kc3 g5 44. Rd4 Kc5 45. Ra4 d4+ 46. Kd2 Rxa4 47. bxa4 g4 48. Bxf5 g3 49. Be6 Kd6 50. Bc4 Kc5 51. Be6 Ne4+ 52. Kc2 Ng5 53. Bg4 Nf7 54. a5 Ne5 55. a6 Kb6 56. Bc8 Nxf3 57. Kd3 Ne1+ 58. Kxd4 f3 0-1